Jegyzőkönyv a Szovjet Szocialista Köztársaságok Szövetsége és a Csehszlovák Köztársaság között 1943. december 12-én megkötött barátsági, kölcsönös segélynyújtási és háború utáni együttműködési szerződéshez
Elmentve itt :
| További közreműködők: | |
|---|---|
| Dokumentumtípus: | Könyv része |
| Megjelent: |
1993
|
| Sorozat: | Documenta Historica
Az 1943 decemberi Benes-Sztálin-Molotov megbeszélések dokumentumai |
| Kulcsszavak: | Külpolitika - Csehszlovákia - 1943 - forrás, Külpolitika - Szovjetunió - 1943 - forrás |
| Tárgyszavak: | |
| Online Access: | http://acta.bibl.u-szeged.hu/11075 |
| LEADER | 01018naa a2200217 i 4500 | ||
|---|---|---|---|
| 001 | acta11075 | ||
| 005 | 20211209095539.0 | ||
| 008 | 161015s1993 hu o 0|| hun d | ||
| 022 | |a 1216-0954 | ||
| 040 | |a SZTE Egyetemi Kiadványok Repozitórium |b hun | ||
| 041 | |a hun | ||
| 245 | 0 | 0 | |a Jegyzőkönyv |h [elektronikus dokumentum] : |b a Szovjet Szocialista Köztársaságok Szövetsége és a Csehszlovák Köztársaság között 1943. december 12-én megkötött barátsági, kölcsönös segélynyújtási és háború utáni együttműködési szerződéshez |
| 260 | |c 1993 | ||
| 300 | |a 51-52 | ||
| 490 | 0 | |a Documenta Historica | |
| 490 | 0 | |a Az 1943 decemberi Benes-Sztálin-Molotov megbeszélések dokumentumai | |
| 650 | 4 | |a Bölcsészettudományok | |
| 650 | 4 | |a Történettudomány és régészet | |
| 695 | |a Külpolitika - Csehszlovákia - 1943 - forrás, Külpolitika - Szovjetunió - 1943 - forrás | ||
| 700 | 0 | 1 | |a Gulyás László |
| 856 | 4 | 0 | |u http://acta.bibl.u-szeged.hu/11075/1/doc_011_051-052.pdf |z Dokumentum-elérés |